000
00320nam a2200133Ia 4500
008
231129s1928||||xx |||||||||||||| ||spa||
040
_b
spa
082
_a
330.16 G899p
100
_a
Gual Villalbi Pedro
245
0
_a
Politica de distribucion de la riqueza
260
_c
1928
264
_a
Juventud
942
_2
ddc
_c
BKS
999
_c
23008
_d
23008